Finanzas de organizaciones (Registro nro. 22849)

Detalles MARC
000 -LEADER
fixed length control field 00310 a2200109 4500
001 - CONTROL NUMBER
control field ART_23594
005 - DATE AND TIME OF LATEST TRANSACTION
control field 20260410161827.0
008 - FIXED-LENGTH DATA ELEMENTS--GENERAL INFORMATION
fixed length control field 260409a
100 1# - MAIN ENTRY--PERSONAL NAME
Personal name Ramírez, Norberto L.
245 10 - TITLE STATEMENT
Title Finanzas de organizaciones
773 0# - HOST ITEM ENTRY
Title FACES
Related parts - Año 19, Nº 40/41 (ene./dic. 2013)
Record control number REV5046

No hay ítems disponibles.